000 00356nam a22001457a 4500
999 _c524197
_d524197
020 _a97877807696155
040 _cNUST
082 _a300.951
_bXIA
100 _aXiang Xiao
_915013
245 _aTrends in China ecological system reform
260 _aChina
_bBeijing times
_c2013
300 _aill,188.p.:
500 _apaper Back
942 _2ddc
_cBK